LEADER 01474nam--2200409---450- 001 990000498160203316 005 20100701092810.0 010 $a88-324-5111-5 035 $a0049816 035 $aUSA010049816 035 $a(ALEPH)000049816USA01 035 $a0049816 100 $a20010608d1991----km-y0itay0103----ba 101 $aita 102 $aIT 105 $a||||||||001yy 200 1 $aFusioni e scissioni societarie$ecommento al decreto legislativo 16 gennaio 1991, n.22 di recepimento della 3. e 4. direttiva comunitaria$eriflessi in tema di legge antitrust$fMarco Confalonieri 210 $aMilano$cPirola$d1991 215 $aIX, 151 p.$d24 cm 225 2 $aPirola azienda$iAmministrazione, finanza, controllo$v96 410 $12001$aPirola azienda$iAmministrazione, finanza, controllo$v96 461 1$1001-------$12001 606 0 $aSocietà $xFusione 606 0 $aSocietà $xDivisione 676 $a346.4506 700 1$aCONFALONIERI,$bMarco$0105831 801 0$aIT$bsalbc$gISBD 912 $a990000498160203316 951 $aXXX.B. Coll. 123/ 31 (COLL. HNU 96)$b73678 EC$cXXX.B. Coll. 123/ 31 (COLL. HNU)$d00272659 959 $aBK 969 $aECO 979 $aPATTY$b90$c20010608$lUSA01$h1722 979 $c20020403$lUSA01$h1658 979 $aPATRY$b90$c20040406$lUSA01$h1635 979 $aRSIAV4$b90$c20100701$lUSA01$h0928 996 $aFusioni e scissioni societarie$9418535 997 $aUNISA LEADER 01708nam a2200325 i 4500 001 991003116339707536 005 20240328141914.0 008 020211s2001 it ||| | ita 020 $a9788814086816 035 $ab11756615-39ule_inst 035 $aLE02522975 040 $aFac. Economia$bita 082 04$a657.0218 100 1 $aAdamo, Stefano$0116710 245 10$aProblemi di armonizzazione dell'informazione contabile :$bprocessi, attori, strumenti, un modello interpretativo /$cStefano Adamo 260 $aMilano :$bGiuffrè,$c2001 300 $aXII, 164 p. ;$c24 cm 650 4$aAziende$xContabilità$xStandardizzazione 907 $a.b11756615$b02-04-14$c27-11-02 912 $a991003116339707536 945 $aLE025 ECO 657 ADA01.02$g1$i2025000124134$lle025$o-$pE0.00$q-$rn$so$t0$u12$v7$w12$x0$y.i12000760$z27-11-02 945 $aLE025 ECO 657 ADA01.02$g2$i2025000077843$lle025$o-$pE0.00$q-$rn$so$t0$u14$v8$w14$x0$y.i12000772$z27-11-02 945 $aLE025 ECO 657 ADA01.02$g3$i2025000087415$lle025$o-$pE12.39$q-$rl$s-$t0$u6$v6$w6$x0$y.i12516028$z16-05-03 945 $aLE025 ECO 657 ADA01.02$g4$i2025000087422$lle025$o-$pE12.39$q-$rl$s-$t0$u6$v1$w6$x0$y.i12516041$z16-05-03 945 $aLE025 ECO 657 ADA01.02$g5$i2025000087811$lle025$og$pE12.39$q-$rl$s-$t0$u15$v6$w15$x0$y.i12527580$z29-05-03 945 $aLE025 ECO 657 ADA01.02$g6$i2025000087828$lle025$og$pE12.39$q-$rl$s-$t0$u8$v2$w8$x0$y.i12527592$z29-05-03 945 $aLE025 ECO 657 ADA01.02$g7$i2025000172173$lle025$o-$pE0.00$q-$rl$s-$t0$u6$v7$w6$x0$y.i13854598$z23-09-04 996 $aProblemi di armonizzazione dell'informazione contabile$9512180 997 $aUNISALENTO 998 $ale025$b01-01-02$cm$da$e-$fita$git$h0$i2 LEADER 03864nam 22007575 450 001 9911031632203321 005 20251011130425.0 010 $a981-9679-52-4 024 7 $a10.1007/978-981-96-7952-2 035 $a(MiAaPQ)EBC32340615 035 $a(Au-PeEL)EBL32340615 035 $a(CKB)41603686500041 035 $a(DE-He213)978-981-96-7952-2 035 $a(OCoLC)1572190008 035 $a(EXLCZ)9941603686500041 100 $a20251011d2025 u| 0 101 0 $aeng 135 $aurcnu|||||||| 181 $ctxt$2rdacontent 182 $cc$2rdamedia 183 $acr$2rdacarrier 200 10$aLow-Dimensional Multifunctional Hybrid Nanostructured Materials $eEnergy and Environmental Applications /$fedited by Rakesh Kumar Sonker, Kedar Singh, Rajendra Sonkawade 205 $a1st ed. 2025. 210 1$aSingapore :$cSpringer Nature Singapore :$cImprint: Springer,$d2025. 215 $a1 online resource (400 pages) 225 1 $aEngineering Materials,$x1868-1212 311 08$a981-9679-51-6 327 $aLow-Dimensional and Multifunctional Hybrid Materials for Energy Storage: An Introduction -- Characterization Technique for Energy Storage Nanomaterials -- Low dimensional Nanomaterials for Hydrogen Storage -- Li-Ion Batteries for Energy Storage -- Recent Investigation of Na and K-Ion Batteries. 330 $aThis book presents hybrid energy storage nanostructured materials and their diverse applications. With an emphasis on interdisciplinary study, this book highlights the importance of these low dimensional nanostructured materials in addressing critical challenges in these fields. The book begins by introducing the significance of low dimensional hybrid nanostructured materials and their impact on interdisciplinary devices, modelling, simulation, manufacturing, and real-life applications. These include energy storage as heat, phase transitions and reversible chemical reactions, organic fuels and hydrogen, mechanical, electrostatic, and magnetic systems. It explains smart concepts of various relevant energy storage technologies in a logical manner, assessing underlying numerical material to evaluate energy, power, volume, weight, and cost of new and existing energy storage systems. The book focuses on cutting-edge advances such as supercapacitor/hydrogen storage, emerging electrochemical materials, natural batteries, sodium/potassium cells applications, and hybrid system strategies. This book provides researchers and professionals with a comprehensive overview of the concepts, principles, and practice of energy storage devices and materials. 410 0$aEngineering Materials,$x1868-1212 606 $aCondensed matter 606 $aMaterials 606 $aCatalysis 606 $aForce and energy 606 $aComposite materials 606 $aHydrogen as fuel 606 $aNanotechnology 606 $aTwo-dimensional Materials 606 $aMaterials for Energy and Catalysis 606 $aComposites 606 $aHydrogen Energy 606 $aNanoengineering 615 0$aCondensed matter. 615 0$aMaterials. 615 0$aCatalysis. 615 0$aForce and energy. 615 0$aComposite materials. 615 0$aHydrogen as fuel. 615 0$aNanotechnology. 615 14$aTwo-dimensional Materials. 615 24$aMaterials for Energy and Catalysis. 615 24$aComposites. 615 24$aHydrogen Energy. 615 24$aNanoengineering. 676 $a530.41 676 $a620.19 700 $aSonker$b Rakesh Kumar$01437767 701 $aSingh$b Kedar$01437768 701 $aSonkawade$b Rajendra$01437769 801 0$bMiAaPQ 801 1$bMiAaPQ 801 2$bMiAaPQ 906 $aBOOK 912 $a9911031632203321 996 $aLow-Dimensional Multifunctional Hybrid Nanostructured Materials$94444869 997 $aUNINA LEADER 06673nam 22007335 450 001 996630870003316 005 20250630101729.0 010 $a9789819783670 010 $a9819783674 024 7 $a10.1007/978-981-97-8367-0 035 $a(CKB)36702082800041 035 $a(MiAaPQ)EBC31806932 035 $a(Au-PeEL)EBL31806932 035 $a(DE-He213)978-981-97-8367-0 035 $a(OCoLC)1477219182 035 $a(EXLCZ)9936702082800041 100 $a20241129d2025 u| 0 101 0 $aeng 135 $aur||||||||||| 181 $ctxt$2rdacontent 182 $cc$2rdamedia 183 $acr$2rdacarrier 200 10$aChinese Computational Linguistics $e23rd China National Conference, CCL 2024, Taiyuan, China, July 25?28, 2024, Proceedings /$fedited by Maosong Sun, Jiye Liang, Xianpei Han, Zhiyuan Liu, Yulan He, Gaoqi Rao, Yubo Chen, Zhiliang Tian 205 $a1st ed. 2025. 210 1$aSingapore :$cSpringer Nature Singapore :$cImprint: Springer,$d2025. 215 $a1 online resource (604 pages) 225 1 $aLecture Notes in Artificial Intelligence,$x2945-9141 ;$v14761 311 08$a9789819783663 311 08$a9819783666 327 $a -- Information Retrieval, Text Classification and QA. -- Enhancing Free-Form Table Question Answering Models by Distilling Relevant-Cell-Based Rationales. -- Enhangcing Sequence Representation for Personalized Search. -- Joint Similarity Guidance Hash Coding Based on Adaptive Weight Mixing Strategy For Cross-Modal Retrieval. -- Text Generation, Dialogue and Summarization. -- Generate-then-Revise: An Effective Synthetic Training Data Generation framework for Event Detection. -- Machine Translation and Multilingual Information Processing. -- E³: Optimizing Language Model Training for Translation via Enhancing Efficiency and Effectiveness. -- Multi-features Enhanced Multi-task Learning for Vietnamese Treebank Conversion. -- SimCLNMT: A Simple Contrastive Learning Method for Enhancing Neural Machine Translation Quality. -- Translate-and-Revise: Boosting Large Language Models for Constrained Translation. -- Knowledge Graph and Information Extraction. -- A Multi-Task Biomedical Named Entity Recognition Method Based on Data Augmentation. -- Biomedical Event Causal Relation Extraction by Reasoning Optimal Entity Relation Path. -- Joint Entity and Relation Extraction Based on Bidirectional Update and Long-Term Memory Gate Mechanism. -- MFE-NER:Multi-feature Fusion Embedding for Chinese Named Entity Recognition. -- UDAA: An Unsupervised Domain Adaptation Adversarial Learning Framework for Zero-Resource Cross-Domain Named Entity Recognition. -- Social Computing and Sentiment Analysis. -- Triple-view Event Hierarchy Model for Biomedical Event Representation. -- NLP Applications. -- DialectMoE: An End-to-End Multi-Dialect Speech Recognition Model with Mixture-of-Experts. -- Distinguishing Neural Speech Synthesis Models Through Fingerprints in Speech Waveforms. -- Knowledge Graph-Enhanced Recommendation with Box Embeddings. -- Readability-guided Idiom-aware Sentence Simplification(RISS) for Chinese. -- Fundamental Theory and Method of Language Computing and Cognition. -- A Tone-based Hierarchical Structure of Chinese Prosody. -- Linguistic Guidance for Sequence-to-Sequence AMR Parsing. -- Language Resource and Evaluation. -- Automatic Construction of the English Sentence Pattern Structure Treebank for Chinese ESL learners. -- Cost-efficient Crowdsourcing for Span-based Sequence Labeling:Worker Selection and Data Augmentation. -- DLUE: Benchmarking Document Language Understanding. -- Do Large Language Models Understand Conversational Implicature- A case study with a Chinese sitcom. -- EmoFake: An Initial Dataset for Emotion Fake Audio Detection. -- Going Beyond Passages:Readability Assessment for Book-level Long Texts. -- Mitigating the Bias of Large Language Model Evaluation. -- PPDAC: A Plug-and -Play Data Augmentation Component for Few-shot Extractive Question Answering. -- Sentence-Space Metrics (SSM) for the Evaluation of Sentence Comprehension. -- Large Language Models. -- AuditWen: An Open-Source Large Language Model for Audit. -- Chinese Grammatical Error Correction via Large Language Model Guided Optimization Training. -- Pattern Shifting or Knowledge Losing? A Forgetting Perspective for Understanding the Effect of Instruction Fine-Tuning. -- Prior Constrains-based Reward Model Training for Aligning Large Language Models. -- Prompt Engineering 101 Prompt Engineering Guidelines from a Linguistic Perspective. 330 $aThis book constitutes the refereed proceedings of the 23rd China National Conference on Chinese Computational Linguistics, CCL 2024, held in Taiyuan, China, during July 25?28, 2024. The 34 full papers included in this book were carefully reviewed and selected from 320 submissions. They were organized in topical sections as follows: Information Retrieval, Text Classification and QA; Text Generation, Dialogue and Summarization; Machine Translation and Multilingual Information Processing; Knowledge Graph and Information Extraction; Social Computing and Sentiment Analysis; NLP Applications; Fundamental Theory and Method of Language Computing and Cognition; Language Resource and Evaluation; and Large Language Models. 410 0$aLecture Notes in Artificial Intelligence,$x2945-9141 ;$v14761 606 $aArtificial intelligence 606 $aComputer networks 606 $aNatural language processing (Computer science) 606 $aApplication software 606 $aArtificial Intelligence 606 $aComputer Communication Networks 606 $aNatural Language Processing (NLP) 606 $aComputer and Information Systems Applications 615 0$aArtificial intelligence. 615 0$aComputer networks. 615 0$aNatural language processing (Computer science) 615 0$aApplication software. 615 14$aArtificial Intelligence. 615 24$aComputer Communication Networks. 615 24$aNatural Language Processing (NLP). 615 24$aComputer and Information Systems Applications. 676 $a006.3 700 $aSun$b Maosong$01423720 701 $aLiang$b Jiye$01782747 701 $aHan$b Xianpei$01429391 701 $aLiu$b Zhiyuan$0851460 701 $aHe$b Yulan$01733454 701 $aRao$b Gaoqi$01429392 701 $aChen$b Yubo$01429393 701 $aTian$b Zhiliang$01782748 801 0$bMiAaPQ 801 1$bMiAaPQ 801 2$bMiAaPQ 906 $aBOOK 912 $a996630870003316 996 $aChinese Computational Linguistics$94309249 997 $aUNISA